| 000 | 01079nam a22002897a 4500 | ||
|---|---|---|---|
| 003 | DO-SdBNP | ||
| 005 | 20230222120734.0 | ||
| 008 | 160718b1994 sp || 00| 0 spa d | ||
| 020 | _a8434842734 | ||
| 040 |
_aBPMSU _bspa _cBPMSU |
||
| 082 | 4 |
_a813.5 _bB798b 1994 _222 |
|
| 100 | 1 |
_aBradbury, Ray Douglas, _d1920-2012. |
|
| 240 | 1 | 0 |
_aThe april witch. _lEspañol |
| 245 | 1 | 0 |
_aLa bruja de abril y otros cuentos / _cRay Bradbury ; ilustraciones Gary Kelley ; traducción de Mariano Antolin Rato |
| 260 |
_aMadrid : _bEdiciones SM , _c1994. |
||
| 300 |
_a153 p. : _bil. ; _c22 cm |
||
| 490 | 0 |
_aEl barco de vapor, _v7 |
|
| 500 | _aTraducción de: The april witch. | ||
| 505 |
_tLa sabana -- _tEl otro pie -- _tLa bruja de abril -- _tLa sirena del faro -- _tBiografía de Ray Bradbury. |
||
| 590 | _6Inventariado, 2023/VM | ||
| 650 | 4 | _a Cuentos juveniles estadounidenses | |
| 650 | 4 |
_aFantasía _vCuentos juveniles |
|
| 700 | 1 | 2 |
_aRato, Mariano Antolin, _etr. |
| 700 | 1 |
_aKelley, Gary, _eil. |
|
| 910 | _aLOPEREZ/VMateo V. Control de calidad (BPMSU) | ||
| 942 |
_2ddc _cBK |
||
| 999 |
_c10916 _d10916 |
||